Report of the Comptroller and Auditor General of India on revenue sector,2016-2017 (Record no. 507103)

000 -LEADER
fixed length control field 00360nam a22000977a 4500
082 ## - DEWEY DECIMAL CLASSIFICATION NUMBER
Classification number L906x5411
100 ## - MAIN ENTRY--PERSONAL NAME
Personal name Assam. Indian Audit and Account Department
9 (RLIN) 671
245 ## - TITLE STATEMENT
Title Report of the Comptroller and Auditor General of India on revenue sector,2016-2017
Statement of responsibility, etc by Indian Audit and Account Department
260 ## - PUBLICATION, DISTRIBUTION, ETC. (IMPRINT)
Place of publication, distribution, etc Guwahati
Name of publisher, distributor, etc Government of Assam
Date of publication, distribution, etc 2018
300 ## - PHYSICAL DESCRIPTION
Extent 145p.
Holdings
Withdrawn status Lost status Source of classification or shelving scheme Damaged status Koha normalized classification for sorting Not for loan Permanent location Current location Date acquired Full call number Barcode Date last seen Price effective from Koha item type
        L_906X5411_R   Indian Institute of Public Administration Indian Institute of Public Administration 2019-01-09 L906x5411 R GG34419 2019-01-09 2019-01-09 GG

Powered by Koha